00519nam a2200157Ia 4500003000900000008004100009040001600050080001600066100002100082245009700103260003800200300001000238650004100248650003600289650003600325IN-BaIIA211028s9999 xx 000 0 eng d cIIA Library a081:52bPAR aParsons, William 4aThe scientific papers of Sir William Parsonsbthird earl of rosse 1800-1867cWilliam Parsons aLondonbSir Charles Parsonsc1926 a221p. aAstronomy and astrophysics thesaurus aCollected Works-William Parsons aWilliam Parsons Collected Works